000 00939nam a2200229Ia 4500
003 Ost
005 20260507075636.0
008 260507s9999||||xx |||||||||||||| ||und||
040 _cfsecg
041 _aara
082 _a657.46
100 _aسرايا، محمد السيد
_eمؤلف
245 0 _aالنظام المحاسبي في المنشآت المالية :
_bالبنوك والمصارف التجارية، شركات التأمين /
_c محمد السيد سرايا
260 _aالإسكندرية:
_bدار المعرفة الجامعية,
_c2000
300 _a448 صفحة؛
_bإيضاحات ؛
_c24 سم
520 _aالنظام المحاسبي في البنوك والمصارف التجارية- النظام المحاسبي في شركات التأمين
653 _aالبنوك
653 _aالمحاسبة
653 _aالمصارف
653 _aشركات التأمين
942 _cكتاب
999 _c45307
_d45307